000
00293nam a2200109 a 4500
005
20201002031340.0
008
130419s2007 000 spa d
100
_a
Rodríguez, Félix
_9
21046
245
0
_a
Leonel una reeleción justificada.
260
_a
Santo Domingo,
_c
2007.
999
_c
38207
_d
38207
040
_a
DO-SdBNP